Lecturas Modernas Españolas
Сохранить в:
| Главный автор: | |
|---|---|
| Формат: | |
| Язык: | испанский |
| Опубликовано: |
Santiago
Zig-Zag
1942
|
| Серии: | Biblioteca conocimientos
|
| Предметы: | |
| Метки: |
Добавить метку
Нет меток, Требуется 1-ая метка записи!
|
MARC
| LEADER | 00000nam a2200000 a 4500 | ||
|---|---|---|---|
| 001 | UCH6021 | ||
| 003 | CL-VaPUC | ||
| 008 | 091109e19420000CL |||||||||||||||||spa|d | ||
| 082 | 0 | 4 | |a 863 |b SCA |2 21 |
| 100 | 0 | |a Scarpa, Roque Esteban |e author |9 368404 | |
| 245 | 1 | 0 | |a Lecturas Modernas Españolas |
| 300 | |a 778 p | ||
| 942 | |c BK | ||
| 945 | |d 20091109 00:00:00 |a ccalabra | ||
| 260 | |a Santiago |b Zig-Zag |c 1942 | ||
| 650 | 0 | |a Literatura |9 259151 | |
| 650 | 0 | |a Literatura española |9 306261 | |
| 650 | 7 | |a LITERATURA MODERNA |2 CL-VaPUC |9 266691 | |
| 650 | 0 | |a Novelas españolas |9 265052 | |
| 650 | 0 | |a Escritores españoles |9 318145 | |
| 650 | 0 | |a Narrativa |9 336727 | |
| 650 | 0 | |a Lectura |9 307634 | |
| 583 | |a last modification |c 20091109 00:00:00 |k Rodrigo Vera | ||
| 490 | 0 | |a Biblioteca conocimientos | |
| 999 | |c 337001 |d 336999 | ||